| 000 | 00872nas a2200277 4500 | ||
|---|---|---|---|
| 001 | BR0104770 | ||
| 003 | BR-BrBNA | ||
| 005 | 20231205102441.0 | ||
| 007 | ta | ||
| 008 | 230509b bl.|||p| |||| 00| 00por d | ||
| 040 |
_aBR-BrBNA _bpor _cBiblioteca Nacional de Agricultura |
||
| 041 | _a(Pt) | ||
| 072 | _aP34; F61 | ||
| 100 | 1 | _aScheffer-Basso, S.M. | |
| 100 | 1 | _aVoss, M. | |
| 100 | 1 | _aJacques, A.V.A. | |
| 245 | 1 | _aNodulacao e fixacao biologica de nitrogenio de adesmia latifolia e lotus corniculatus em vasos de Leonard | |
| 650 | _aCornichao | ||
| 650 | _aLeguminosa Forrageira | ||
| 650 | _aNodulacao | ||
| 650 | _aSimbiose | ||
| 650 | _aFixacao de Nitrogenio | ||
| 773 | 0 |
_tRevista Brasileira de Zootecnia (Brazil) _xISSN 1516-3598 _g(May-Jun 2001), v. 30(3) p. 687-693 _wBR0104770 |
|
| 909 |
_a202311 _bLúcia _c55 _dLúcia Elande |
||
| 942 |
_2AGRIS _n0 _cANA |
||
| 999 |
_c167647 _d167647 |
||